LEADER 01541nam a2200325 u 4500 001 000000049227 003 CaOOAMICUS 005 20070226115104.0 008 000622s1985 it u000 u ita u 020 $a883721264X 035 $a10850688 040 $aPULr$bita 041 1 $aita$hger 100 1 $aMuckermann, Friedrich,$cS.I.$0(OLS)http://pul/name/35629 240 10$aDeutsche Weg : Aus der Widerstandsbewegung der deutschen Katholiken von 1930-1945.$lItaliano.$0(OLS)http://pul/title/66366 245 13$aLa via tedesca :$bil movimento di resistenza dei cattolici tedeschi dal 1930 al 1945 /$cFriedrich Muckermann ; presentazione di Mario Bendiscioli. 260 $a[Brescia] :$bMorcelliana,$c[1985] 300 $a91 p. ;$c17 cm 490 1 $aReprints 650 4$aCattolici$zGermania$ySec. XX.$0(OLS)http://pul/subject/6444 651 4$aGermania$xStoria$ySec. XX.$0(OLS)http://pul/subject/13572 700 1 $aBendiscioli, Mario,$d1903-1998.$0(OLS)http://pul/name/4245 830 0$aReprints (Morcelliana).$0(OLS)http://pul/title/66368 850 $aPUL 852 $aPUL$W1$xDP1 Fondo Maccarrone$y58$m1514 F 25$j65442$nBK-PRI$b $qFondi$B65442$CPULBib$Z2$F65442 $H $81 941 1 $a1 961 $aINV: 3438.F.Maccarrone 996 $6020$a883721264X$9(OLS)http://pul/number/62133 996 $6245$aLa via tedesca :$bil movimento di resistenza dei cattolici tedeschi dal 1930 al 1945$9(OLS)http://pul/title/66367 996 $6260$a[Brescia] :$bMorcelliana$9(OLS)http://pul/publisher/51044 LEADER 01757nam a2200337 a 4500 001 000000171552 003 CaOOAMICUS 005 20190308130103.0 008 190308t20132003it 000 u ita r 020 $a88-7105-148-3 032 $aLibriCat 040 $aPUL$bita 100 1 $aPaleari, Marco.$0(OLS)http://pul/name/73935 245 13$aIl sacramento dell'eros : $buna lettura simbolico-sapienziale dell'eros benedetto a partire da V. S. Solov'ėv e P. Evdokimov / $cMarco Paleari. 260 $aRoma :$bPontificio Seminario Lombardo,$c©2003$aMilano :$bGlossa$g(stampa 2015) 300 $aIX, 347 p. ;$c24 cm. 490 1 $aDissertatio.$aSeries Romana ;$v37 504 $aBibliografia in nota e alle pag. 315-347. 600 14$aEvdokģmov, Pąvel Nikoląjevi?,$d1901-1970.$0(OLS)http://pul/subject/22683 600 14$aSolov'ėv, Vladimir Sergeevi?,$d1853-1900.$0(OLS)http://pul/subject/20693 650 4$aSessualitą$xAspetti morali e religiosi.$0(OLS)http://pul/subject/40277 650 4$aMatrimonio$xAspetti morali e religiosi.$0(OLS)http://pul/subject/69 830 0$aDissertatio.$pSeries Romana ;$v37.$0(OLS)http://pul/title/39146 850 $aPUL 852 $aPUL$W1$xSL Diritto Canonico 1$y5$m148 I 37$j195325$qStampati$B200204$CPULBib$Z2$F200204 $H132268 $82 941 1 $a8 996 $6020$a88-7105-148-3$9(OLS)http://pul/number/165786 996 $6245$aIl sacramento dell'eros : $buna lettura simbolico-sapienziale dell'eros benedetto a partire da V. S. Solov'ėv e P. Evdokimov / $9(OLS)http://pul/title/212357 996 $6260$aRoma :$bPontificio Seminario Lombardo$9(OLS)http://pul/publisher/75656 996 $6260$aMilano :$bGlossa$9(OLS)http://pul/publisher/53656